NBA: Top 50 Active Players: Free Throws Made - Statistics

General Stats
  • This quiz has been taken 102 times
    19 since last reset
  • The average score is 35 of 50
Answer Stats
# Player FTM % Correct
1 LeBron James 8,882
100%
10 Stephen Curry 4,236
100%
2 James Harden 8,627
94%
3 Kevin Durant 7,704
94%
19 Luka Dončić 3,285
94%
17 Nikola Jokić 3,323
94%
5 Russell Westbrook 6,109
94%
16 Shai Gilgeous-Alexander 3,334
94%
48 Anthony Edwards 1,936
88%
7 Giannis Antetokounmpo 5,178
88%
T27 Jeff Green 2,811
88%
31 Donovan Mitchell 2,634
82%
11 Joel Embiid 4,043
82%
21 Kawhi Leonard 3,213
82%
14 Paul George 3,639
82%
9 Anthony Davis 4,462
76%
39 Bam Adebayo 2,294
76%
4 DeMar DeRozan 6,923
76%
12 Devin Booker 3,984
76%
44 Jaylen Brown 2,122
76%
30 Jayson Tatum 2,725
76%
22 Karl-Anthony Towns 3,200
76%
6 Damian Lillard 5,262
71%
47 Domantas Sabonis 2,011
71%
35 Eric Gordon 2,409
71%
29 Harrison Barnes 2,734
71%
8 Jimmy Butler 5,168
71%
20 Julius Randle 3,273
71%
45 Kristaps Porziņģis 2,116
71%
18 Trae Young 3,293
71%
43 Brandon Ingram 2,205
65%
37 De'Aaron Fox 2,351
65%
46 Jrue Holiday 2,068
65%
34 Zach LaVine 2,478
65%
49 Jalen Brunson 1,915
59%
25 Kyrie Irving 2,983
59%
T27 Rudy Gobert 2,811
59%
33 Tobias Harris 2,479
59%
15 Kevin Love 3,636
53%
41 Khris Middleton 2,235
53%
13 Kyle Lowry 3,656
53%
24 Mike Conley 3,017
53%
42 Pascal Siakam 2,231
53%
32 Andrew Wiggins 2,623
47%
26 Bradley Beal 2,854
47%
23 Brook Lopez 3,138
47%
50 CJ McCollum 1,866
47%
36 Jonas Valančiūnas 2,354
35%
38 Jerami Grant 2,325
29%
40 Dennis Schröder 2,257
24%
No matching quizzes found
Score Distribution
Percent of People with Each Score
Percentile by Number Answered
Your Score History
You have not taken this quiz since the last reset